Welcome to CU Library Online Public Access Catalogue (OPAC)

How to prepare for GMAT (Record no. 8491)

MARC details
000 -LEADER
fixed length control field 00459nam a2200181 4500
005 - DATE AND TIME OF LATEST TRANSACTION
control field 20251202155347.0
008 - FIXED-LENGTH DATA ELEMENTS--GENERAL INFORMATION
fixed length control field cu78
020 ## - INTERNATIONAL STANDARD BOOK NUMBER
International Standard Book Number 9780764175862
050 ## - LIBRARY OF CONGRESS CALL NUMBER
Classification number HF1118JAF
100 ## - MAIN ENTRY--PERSONAL NAME
Personal name EUGINE D. JAFFE
245 ## - TITLE STATEMENT
Title How to prepare for GMAT
Remainder of title Graduate management admission test
250 ## - EDITION STATEMENT
Edition statement 13th Ed.
260 ## - PUBLICATION, DISTRIBUTION, ETC.
Place of publication, distribution, etc. united states
Name of publisher, distributor, etc. Barons educational series
Date of publication, distribution, etc. 2004
300 ## - PHYSICAL DESCRIPTION
Extent X,579p.
500 ## - GENERAL NOTE
General note Appendix
700 ## - ADDED ENTRY--PERSONAL NAME
Personal name stephen Hilbert
942 ## - ADDED ENTRY ELEMENTS (KOHA)
Source of classification or shelving scheme Library of Congress Classification
Koha item type Books
Suppress in OPAC No
999 ## -
-- 8491
-- 8491
Holdings
Withdrawn status Lost status Source of classification or shelving scheme Damaged status Not for loan Collection Home library Current library Date acquired Total checkouts Barcode Date last seen Copy number Price effective from Koha item type
    Library of Congress Classification     Non-fiction Graduate Library (Christ Temple) Graduate Library (Christ Temple) 12/02/2025   GSCT00001830 12/02/2025 1 12/02/2025 Books
© 2023-2024 Copyright: Central University Libraries. All Rights Reserved | Created by: Mahone Tech Office